अंत:स्वर (Record no. 324403)

MARC details
000 -LEADER
fixed length control field 00478nam a2200169Ia 4500
008 - FIXED-LENGTH DATA ELEMENTS--GENERAL INFORMATION
fixed length control field 090711s9999 xx 000 0 und d
082 ## - DEWEY DECIMAL CLASSIFICATION NUMBER
Item number 896
100 ## - MAIN ENTRY--PERSONAL NAME
Personal name अत्रे प्रभा
245 ## - TITLE STATEMENT
Title अंत:स्वर
260 ## - PUBLICATION, DISTRIBUTION, ETC. (IMPRINT)
Name of publisher, distributor, etc ग्रंथाली
Date of publication, distribution, etc 1997
300 ## - PHYSICAL DESCRIPTION
Extent 66
600 ## - SUBJECT ADDED ENTRY--PERSONAL NAME
Personal name अत्रे प्रभा
630 ## - SUBJECT ADDED ENTRY--UNIFORM TITLE
Uniform title अंत:स्वर
700 ## - ADDED ENTRY--PERSONAL NAME
Personal name अत्रे प्रभा
730 ## - ADDED ENTRY--UNIFORM TITLE
Uniform title अंत:स्वर
942 ## - ADDED ENTRY ELEMENTS (KOHA)
Koha item type Book

No items available.